Obra poética (Registo nº 1437)
[ vista simples ]
| 000 -Etiqueta do registo | |
|---|---|
| Cabeçalho | 00866nam0a2200277 4500 |
| 005 - Identificador da versão | |
| Campo de controlo | 20240813121836.0 |
| 010 ## - Número internacional normalizado dos livros (ISBN) | |
| Número (ISBN) | 9789727089291 |
| 021 ## - Número do Depósito Legal | |
| Código do país | PT |
| Número | 254934/07 |
| 100 ## - Dados gerais de processamento | |
| Dados gerais de processamento | 20150220d2007 m y0pory5003 ba |
| 102 ## - Pais de publicação ou produção | |
| País de publicação | Portugal |
| 101 1# - Língua de publicação | |
| Língua do texto, banda sonora, etc. | Português |
| -- | Crioulas e "Pidgins" (Línguas baseadas no inglês) |
| Língua do documento no original | Espanhol |
| 215 ## - Descrição física | |
| Indicação específica da natureza do documento e extensão da espécie | 685, [8] p. |
| Outras indicações físicas | il. |
| 200 1# - Titulo e menção de responsabilidade | |
| Título próprio | Obra poética |
| Primeira menção de responsabilidade | Federico García Lorca |
| Outras menções de responsabilidade | trad. prólogo e notas José Bento |
| 225 2# - Colecção | |
| Título próprio da colecção | Poesia |
| 210 ## - Publicação, Distribuição, etc. | |
| Lugar da edição, distribuição, etc. | Lisboa |
| Nome do editor, distribuidor, etc. | Relógio d'Água |
| Data da publicação, distribuição, etc. | cop. 2007 |
| 300 ## - Notas gerais | |
| Texto da nota | Metas Curriculares |
| 305 ## - Notas relativas à edição e história bibliográfica da publicação | |
| Texto da nota | Ed. bilingue em espanhol e português |
| 606 ## - Nome comum usado como assunto | |
| Número de registo de entrada de autoridade | 0002069 |
| Palavra de ordem | Literatura espanhola |
| Subdivisão de assunto | Poesia |
| Código do sistema | CA |
| 675 ## - Classificação Decimal Universal (CDU) | |
| Notação | 821.134.2-1 |
| Edição | 3ª ed. |
| Língua da edição | por |
| 702 #1 - Nome de autor-pessoa física (responsabilidade secundária) | |
| Número de registo de entrada de autoridade | 0002067 |
| Palavra de ordem | Bento |
| Outra parte do nome não tomada para palavra de ordem | José |
| Datas | 1932- |
| Código de função | Tradutor |
| -- | Autor da introdução / Prefaciador |
| -- | Comentador de texto escrito |
| 700 #1 - Nome de autor-pessoa física (responsabilidade principal) | |
| Número de registo de entrada de autoridade | 0002066 |
| Palavra de ordem | García Lorca |
| Outra parte do nome não tomada para palavra de ordem | Federico |
| Datas | 1898-1936 |
| 966 ## - Identificação da Biblioteca | |
| Sigla | EB2,3ENM |
| 942 ## - Elementos de entrada adicionados (Koha) | |
| Tipo de item no Koha | Livro |
| Situação do levantamento | Origin of item (home branch) (coded) | Biblioteca de empréstimo | Código de barras | Cota | Circulation type (not for loan) | Tipo de documento | Nota do exemplar | Damaged status |
|---|---|---|---|---|---|---|---|---|
| Biblioteca Escolar Eng. Nuno Mergulhão | Biblioteca Escolar Eng. Nuno Mergulhão | BENM3499 | 82LE-1 GAR MET | Livro | Sem mensagem |
